Statystyki dla Najlepsze piłkarskie akademie na świecie

Kliknij tutaj aby rozwiązać quiz!

Ogólne statystyki

  • Ten quiz został rozwiązany 24 razy
  • Średni wynik to 5 z 15

Statystyki odpowiedzi

MiejscaKluby% Poprawnych
1FC Barcelona
90%
10Real Madryt
86%
3Manchester United
71%
2Ajax Amsterdam
67%
4Bayern Monachium
48%
5Sporting Lizbona
38%
7Santos
29%
11Boca Juniors
24%
12River Plate
24%
6Sao Paulo
10%
8Southampton
10%
13Dinamo Zagrzeb
5%
14Partizan Belgrad
5%
9Schalke 04
5%
15Stade Rennes
5%

Rozkład punktacji

Percentyl według liczby udzielonych odpowiedzi

Procent ludzi z każdym wynikiem

Twoja historia wyników

Nie rozwiązałeś tego quizu